Normal view
MARC view
- Maxwell F
Entry Personal Name
001 - CONTROL NUMBER
- control field: 10026
003 - CONTROL NUMBER IDENTIFIER
- control field: OSt
005 - DATE AND TIME OF LATEST TRANSACTION
- control field: 20220803165515.0
008 - FIXED-LENGTH DATA ELEMENTS
- fixed length control field: 220803|| aca||aabn | a|a d
040 ## - CATALOGING SOURCE
- Original cataloging agency: OSt
- Transcribing agency: OSt
100 ## - HEADING--PERSONAL NAME
- Personal name: Maxwell F
670 ## - SOURCE DATA FOUND
- Source citation: Work cat.: (OSt)8744: Maxwell F, Tropical Architecture : In The Humid Zone, 1956